000
00306nam a2200133Ia 4500
100
_a
Harper/ Sampson
942
_c
BK
654
_a
Electronics
245
_a
Electronics materials & Processes
260
_b
Mc Graw Hill
_a
New York
_c
1993
082
_a
621.381
_b
HAR/SAM
546
_a
ENGLISH
999
_c
26467
_d
26467